000 01134cam a22003737a 4500
001 8481
003 FISKH
005 20250915141102.0
008 110308s2012 flua j 000 1 eng
010 _a 2011924705
020 _a9781617418242
020 _a9781612360287
035 _a16682964
040 _aDLC
_cDLC
_dDLC
_beng
050 _aPZ7.K666 EB
082 _a813.54
100 1 _aKoontz, Robin.
245 1 4 _aThe king's new clothes /
_cwritten and illustrated by Robin Koontz.
260 _aVero Beach :
_bRourke Publishing,
_c 2012.
300 _a24 pages :
_bcolor illustrations ;
_c21 cm
336 _atext
_btxt
_2rdacontent
337 _aunmediated
_bn
_2rdamedia
338 _avolume
_bnc
_2rdacarrier
490 0 _aLittle birdie books
505 _aN
520 _aThis Advanced Reader Retells A Classic Story.
521 8 _a570
_bLexile
521 8 _aN
_bRaz-Plus
650 _aFairy Tale
856 4 2 _3Publisher description
_uhttp://www.loc.gov/catdir/enhancements/fy1409/2011924705-d.html
906 _a0
_bibc
_corignew
_d4
_eepcn
_f20
_gy-gencatlg
942 _2ddc
_cBK
_n0
999 _c8481
_d8481